Dopravný prostriedok v kombinovanej doprave

Podrobná bibliografia
Hlavný autor: Frolová, Mária (Autor)
Médium: Článok
Jazyk:slovenčina
Fyzický popis:Obr. 4, lit. 3 zázn. v nem., slov.
ISBN:8071001570
Predmet:

MARC

LEADER 00000nab a2200000 a 4500
001 vtls000583420
003 SK-MaSNL
005 20260303173820.0
008 120930c1993 xo 0 slo
015 |a SNBRA19rr/mm-uuuuu 
035 |a CL0583559 
040 |a SNKBUCL  |b slo  |c SNKBUCL  |e AACR2 
041 0 |a slo 
044 |a xo  |c SK 
080 |a 656.025.4/.6:629  |2 1981 
080 |a 629  |2 1981 
100 1 |a Frolová, Mária  |4 aut  |9 535508 
245 1 0 |a Dopravný prostriedok v kombinovanej doprave  |c Mária Frolová 
300 |b Obr. 4, lit. 3 zázn. v nem., slov. 
650 0 7 |a doprava kombinovaná  |2 snkbucl  |9 898968 
650 0 7 |a dopravné prostriedky  |2 snkbucl  |9 66633 
655 7 |a články zo zborníkov  |2 snkbucl  |9 166140 
773 0 |t Deviata medzinárodná vedecká konferencia  |d Žilina : Vysoká škola dopravy a spojov, 1993  |g S. 181-185  |z 8071001570 
850 |a Slovenská národná knižnica v Martine  |a MTA001 
852 |a SNK  |b KIS3GCP 
958 |a RK 
992 |a RZB 
999 |c 2094017  |d 2095947